Les luttes de classes en France: 1848-1850
Enregistré dans:
| Format: | Livre |
|---|---|
| Langue: | français |
| Publié: |
París
Éditions Sociales
1967
|
| Collection: | Classiques du Marxisme
|
| Sujets: | |
| Tags: |
Ajouter un tag
Pas de tags, Soyez le premier à ajouter un tag!
|
MARC
| LEADER | 00000nam a2200000 a 4500 | ||
|---|---|---|---|
| 001 | UCZ6144 | ||
| 003 | CL-VaPUC | ||
| 005 | 20220115074035.0 | ||
| 008 | 951201e19670000FR |||||||||||||||||fre|d | ||
| 999 | |c 242400 |d 242398 | ||
| 040 | |c Pontificia Universidad Católica de Valparaíso | ||
| 082 | 0 | 4 | |a 335.4 |b MAR |2 21 |
| 245 | 1 | 4 | |a Les luttes de classes en France: 1848-1850 |
| 260 | |a París |b Éditions Sociales |c 1967 | ||
| 300 | |a 218 p | ||
| 490 | 0 | |a Classiques du Marxisme | |
| 583 | |a last modification |c 19951201 00:00:00 |k Rodrigo Vera | ||
| 650 | 0 | |a Comunismo |9 255588 | |
| 650 | 0 | |a Ideologías |9 255200 | |
| 650 | 7 | |a SISTEMAS POLITICOS |2 CL-VaPUC |9 350372 | |
| 650 | 0 | |a Clases sociales |9 256858 | |
| 650 | 7 | |a CONFLICTO DE CLASES |2 CL-VaPUC |9 337068 | |
| 651 | 0 | |a Francia |9 255157 | |
| 942 | |c BK |2 ddc | ||
| 945 | |d 19951201 00:00:00 |a cmena | ||
| 952 | |0 0 |1 0 |4 0 |6 335_400000000000000_MAR_1967 |7 0 |8 P |9 255306 |a BIBEDU |b BIBEDU |c BIBEDU_PB |d 2019-11-19 |i 1579975 |o 335.4 MAR 1967 |p 1579975 |r 2024-01-25 |w 2019-11-19 |y BK |k FIL | ||
| 952 | |0 0 |1 0 |4 0 |6 335_400000000000000_MAR_1967 |7 0 |8 A |9 255307 |a BIBDER |b BIBDER |d 2019-11-19 |i 1814214 |o 335.4 MAR 1967 |p 1814214 |r 2023-01-25 |w 2019-11-19 |y BK |k DER | ||